Moderné aktuárske modely v poisťovníctve

Moderné PHI poistky ( Permanent health insurance). Diferenciálne rovnice v poistnej praxi. Predpoklady pre aktuárske výpočty.

Na minha lista:
Detalhes bibliográficos
Autor principal: Škrovánková, Lea, 1954-
Formato: Capítulo de Livro
Idioma:eslovaco
Assuntos:
Tags: Adicionar Tag
Sem tags, seja o primeiro a adicionar uma tag!

MARC

LEADER 00000naa a2200000 4500
001 0127849
005 20240502072446.1
041 0 |a slo 
044 |a SK 
245 1 0 |a Moderné aktuárske modely v poisťovníctve  |c Lea Škrovánková 
520 |a Moderné PHI poistky ( Permanent health insurance). Diferenciálne rovnice v poistnej praxi. Predpoklady pre aktuárske výpočty. 
610 2 0 |a poisťovníctvo 
610 2 0 |a matematika poistná 
610 2 0 |a riziko poistné 
610 2 0 |a starostlivosť zdravotná 
610 2 0 |a poistenie nemocenské 
610 2 0 |a poistenie zdravotné 
100 1 |a Škrovánková, Lea, 1954-